Statistics for 25 Countries with the lowest Gini score with Exceptions(richest to the poorest income ratio)

Click here to take the quiz!

General Stats

  • This quiz has been taken 19 times
  • The average score is 9 of 25

Answer Stats

%Country% Correct
31.3South Korea
71%
27.8Afghanistan
65%
32.1Japan
65%
33.7Canada
59%
29.6Pakistan
59%
30.8Egypt
47%
29.5Iraq
47%
26.4Kazakhstan
47%
32.0Bangladesh
41%
30.8Cambodia
41%
27.4Kyrgyzstan
41%
30.8Tajikistan
41%
33.2Ethiopia
35%
32.8Nepal
35%
31.5Niger
35%
33.8Mongolia
29%
31.5Armenia
24%
33.7Azerbaijan
24%
33.7Guinea
24%
34.3Cyprus
18%
33.0Mali
18%
34.0Sierra Leone
18%
33.4Burundi
12%
31.6East Timor
6%
30.8São Tomé and Príncipe
6%

Score Distribution

Percentile by Number Answered

Percent of People with Each Score

Your Score History

You have not taken this quiz